000 00703cam7a220024100 4500
001 zam00002755
008 951128s1977 xx eng u
035 _a(Sirsi) r20098
035 _a(MACHINE)SLC.
100 _aKarabel, J.
_6A81294.1
245 1 0 _aPower and ideology in education.
260 _c1977.
949 _aLC191
_wlcc
_i-18553
_mMAIN
_tBOOK
_lON-SHELF
949 _aLC191
_wlcc
_i-18554
_mMAIN
_tBOOK
_lON-SHELF
004 20098
591 _aClass code: DS 940.
591 _aCourse: Women and development.
591 _aSchool: S05.
591 _aLecturer: Dr. MILIMO, M.C.
591 _aNumber of Students: 61.
900 _2MAIN
_8LC191
_9KAR
_c2
909 _aBook
999 _c171598
_d171598